Statistics for Top 10 Biggest Cities In Maine

Click here to take the quiz!

General Stats

  • This quiz has been taken 10 times
  • The average score is 4 of 10

Answer Stats

HintAnswer% Correct
68,408Portland
100%
31,753Bangor
83%
37,121Lewiston
83%
24,061Auburn
50%
26,498South Portland
50%
22,552Biddeford
33%
21,756Brunswick
17%
21,982Sanford
17%
22,135Scarborough
0%
20,400Westbrook
0%

Score Distribution

Percentile by Number Answered

Percent of People with Each Score

Your Score History

You have not taken this quiz